Technické kreslení : [sbírka příkladů a úloh z dekriptivní geometrie] /

Hlavní autor: Švercl, Josef
Další autoři: Tarbajovský, Ján
Jazyk: Čeština
Vydáno: Praha : Scientia, 1995
Vydání: Ve Scientii 1. vyd.
Témata:
Externí odkaz: Digitalizovaný dokument
Fyzický popis: 99 s. : il. ; 23 cm
Knihy
Uloženo v:
LEADER 01393nam a2200349 a 4500
001 000021863
003 CZ BrMZK
005 20230126090031.0
008 950313s1995 xr a f 000 0 cze d
015 |a cnb000105492 
020 |a 80-7183-009-7 
040 |a BOA001  |b cze 
080 |a 744:514.18(075.8)  |2 MRF 
080 |a 514.18:744(075.8)  |2 MRF 
100 1 |a Švercl, Josef  |7 jk01131925  |4 aut 
245 1 0 |a Technické kreslení :  |b [sbírka příkladů a úloh z dekriptivní geometrie] /  |c Josef Švercl, Ján Tarbajovský 
250 |a Ve Scientii 1. vyd. 
260 |a Praha :  |b Scientia,  |c 1995 
300 |a 99 s. :  |b il. ;  |c 23 cm 
500 |a Určeno pro výuku na SPŠ a přípravě žáků ke studiu na VŠ 
504 |a Obsahuje bibliografii 
500 |a Dostupné též v digitální podobě v aplikaci Kramerius 
653 0 |a technické kreslení 
700 1 |a Tarbajovský, Ján  |7 jx20050524034  |4 aut 
856 4 1 |u http://www.digitalniknihovna.cz/mzk/uuid/uuid:119b2a20-a15f-11ed-9ac7-5ef3fc9bb22f  |y Digitalizovaný dokument  |x NDK 
910 |a BOA001  |b TK-0257.143  |b PK-0123.289 
920 |a 000031712 
962 |a 514.1 
962 |a 744 
990 |a BK 
996 7 |b 2620001109  |c TK-0257.143  |l MZK  |r Sklad / do 24 hodin  |n 4  |p kup  |w 000021863  |u 000010  |a 1  |e BOA001  |j MZK50  |s A 
996 7 |b 3119000715  |c PK-0123.289  |l MZK  |r Sklad / do 1 hodiny  |n 14  |p p.v.  |w 000021863  |u 000020  |a 1  |e BOA001  |j MZK50  |s A